| 000 | 01146nam a22002777a 4500 | ||
|---|---|---|---|
| 003 | BCEG | ||
| 005 | 20260414160637.0 | ||
| 008 | 260414s2011 mx b||||||||||||||||spa d | ||
| 020 | _a9786074841685 | ||
| 040 |
_aBCEG _bspa _cBCEG |
||
| 082 | 0 | 4 |
_aFG333.2972 _bS479v |
| 100 | 1 | _aSepúlveda Garza, Manola. | |
| 245 | 1 | 0 |
_aVaivenes de la historia ejidal _b: Dolores Hidalgo, CIN, Guanajuato, 1990-1970. |
| 246 | _aDolores Hidalgo, cuna de la Independencia Nacional, Guanajuato, 1990-1970. | ||
| 260 |
_aMéxico : _bEscuela Nacional de Antropología e Historia, Instituto Nacional de Antropología e Historia, _c2011. |
||
| 300 |
_a414 p. : _bmaps., il. |
||
| 490 | _aInvestigación/PROA | ||
| 500 | _aIncluye Fe de Erratas. | ||
| 504 | _aIncluye bibliografía. | ||
| 506 |
_aPara uso exclusivo en sala de Fondos Especiales; Requiere autorización para reproducción. _eReglamento de la Sala de Fondos Especiales. |
||
| 535 | _aDisponible en Colección Fondo Guanajuato. | ||
| 541 | _aCompra. | ||
| 650 | 1 | 4 |
_aEjidos _zDolores Hidalgo (México) _vHistoria. |
| 650 | 1 | 4 |
_aReforma agraria _zDolores Hidalgo (México) _vHistoria. |
| 942 | _cBK | ||
| 999 |
_c437192 _d437192 |
||